00893naa a2200229 450000500170000000800410001701000140005802000270007202000240009903500130012303700160013604000180015208200130017024501720018326000460035526000660040127000630046730000320053049000620056250000190062470000200064320090826111442.0090826t xxu||||| |||| 00| 0 eng d aENG-94899 a9780198060789c3450.00 a0198060785c3450.00 aEN-78432 bDBAD / PUB adplbEnglish  a954.0841 aTowards freedom :bdocuments on the movement for independence in India - 1940/cedited by K.N. Panikkar; with a preface by the General Editor Sabyasachi Bhattacharya aNew DelhibOxford University Pressc2009 aNew DelhibIndian Council of Historical Research (ICHR)c2009 aYMCA Library Building, Jai Singh RoadbNew Delhie110 001 apt.1 (lxvi.708p.)c28cm(Hb) aICHR: towards freedom/ edited by Sabyasachi Bhattacharya  aIncludes index aPanikkar, K.N.